000 00495nam a2200181 i 4500
001 89817
003 ES-MaACL
005 20230906180256.0
007 t|
008 050113s1934 fr ||||1| fre d
100 1 _aLauret, René.
_970647
245 1 3 _aLe théatre allemand d'aujourd'hui /
_cRené Lauret.
250 _a4ème éd.
260 _aParis :
_bGallimard,
_c1934 (
_fF. Didot)
300 _a255 p. ;
_c19 cm.
650 0 4 _aTeatro alemán-
_yS.XX.
_917327
852 _aES-MaACL
_jA-2078
999 _c89817
_d89817